| 000 | 00746nam a2200289 a 4500 | ||
|---|---|---|---|
| 003 | AR-BaBNM | ||
| 005 | 20251128210132.0 | ||
| 008 | 082120s2002 ||||||||||||||000 | spa|| | ||
| 020 | _a0-582-51004-X | ||
| 040 | _cAR-BaBNM | ||
| 100 | 1 | _aWard, Sheila Aristotelous | |
| 245 | 0 | 0 |
_aDippitydoo _bsongs and activities for children : teacher's guide |
| 250 | _a1ª ed. | ||
| 260 |
_aHarlow _bLongman _c1993 |
||
| 300 | _a48 p. | ||
| 650 | 4 | _aINGLES | |
| 650 | 4 | _aGUIA DEL DOCENTE | |
| 650 | 4 | _aENSEÑANZA DE IDIOMAS | |
| 650 | 4 | _aACTIVIDADES DE APRENDIZAJE | |
| 650 | 4 | _aGRAMATICA | |
| 650 | 4 | _aENSEÑANZA DEL VOCABULARIO | |
| 650 | 4 | _aVOCABULARIO | |
| 650 | 4 | _aSINTAXIS | |
| 650 | 4 | _aCANCIONES | |
| 942 | _cBK | ||
| 998 | _cMARTIN | ||
| 999 |
_c14200 _d14200 |
||